|
|
|
|
| LEADER |
00000nam a22000007a 4500 |
| 005 |
20201029222352.0 |
| 007 |
cr|||| ||| |
| 008 |
201029s2020 es |||||s|||| 00||0 spa d |
| 020 |
|
|
|a 978-84-1377-006-2
|
| 035 |
|
|
|a 32282
|
| 040 |
|
|
|a vLex
|
| 090 |
|
|
|c 10813
|d 10813
|
| 245 |
0 |
0 |
|a Derechos fundamentales y tributacin̤
|h [Recurso electrn̤ico] :
|b Monogrf̀ico Nueva Fiscalidad
|
| 256 |
|
|
|a Servicio en ln̕ea
|
| 260 |
|
|
|a Madrid:
|b Dykinson,
|c 2020
|
| 300 |
|
|
|a 1 recurso electrn̤ico
|
| 500 |
|
|
|a Monografa̕ Asociada a la Revista Nueva Fiscalidad. 2020.
|
| 506 |
1 |
|
|a Disponible solo en los productos indicados
|d vLex Global
|d vLex Global (Academic Edition, excluding Law Schools)
|d vLex Global (U.S. Academic Edition, Law Schools)
|d vLex Global (U.S. Academic Edition, excluding Law Schools)
|d vLex Global (Academic Edition, Law Schools)
|
| 650 |
0 |
4 |
|a Derecho Tributario
|z Espaą
|
| 650 |
0 |
4 |
|a Financiero
|z Espaą
|
| 740 |
0 |
|
|a vLex Libros (Servicio en ln̕ea)
|
| 856 |
4 |
0 |
|u http://vlex.com/source/derechos-fundamentales-y-tributacion-monografico-nueva-fiscalidad-32282
|z Acceso restringido
|
| 942 |
|
|
|c BOOK
|
| 999 |
0 |
|
|a Tax Law
|
| 999 |
0 |
|
|a Financial
|